000 00324nam a22001337a 4500
008 170522b xxu||||| |||| 00| 0 eng d
020 _a9780060875985
041 _aeng
080 _a94(7/8)
100 _a16
101 _aSHH
245 _aHISTORY OF THE ENGLISH-SPEAKING PEOPLES SINCE 1900
_cROBERTS, A
942 _2udc
_cBK
999 _c13812
_d13812